| 000 | 00808cam a2200229 4500500 | ||
|---|---|---|---|
| 005 | 20260111132238.0 | ||
| 041 | _afre | ||
| 042 | _adc | ||
| 100 | 1 | 0 |
_aBarrier, Corentin _eauthor |
| 245 | 0 | 0 | _aLe terreau de la co-soignance |
| 260 | _c2025. | ||
| 500 | _a28 | ||
| 520 | _aUn éducateur spécialisé, soignant à la clinique de La Chesnaie, se questionne sur la relation, la confiance, l’institution et sur la co-soignance. | ||
| 690 | _aco-soignance | ||
| 690 | _aconfiance | ||
| 690 | _aÉducateur | ||
| 690 | _ainstitution | ||
| 690 | _arelation | ||
| 690 | _asoignant | ||
| 786 | 0 | _nVST - Vie sociale et traitements | 168 | 4 | 2025-12-05 | p. 21-26 | 0396-8669 | |
| 856 | 4 | 1 | _uhttps://shs.cairn.info/revue-vst-vie-sociale-et-traitements-2025-4-page-21?lang=fr&redirect-ssocas=7080 |
| 999 |
_c1634650 _d1634650 |
||